000 00266nam a2200109Ia 4500
005 20251222154319.0
008 251222s9999||||xx |||||||||||||| ||spa||
082 _a940.086/Z77
100 _a"Zheiger, Karl"
245 0 _aComo murieron Hitler y los suyos
942 _cLIB
999 _c33700
_d33700